Score 0/18 Timer 05:00
9 Plays Today
% Correct
Santa's Reindeer
93.3%
Bar Soaps
89.8%
Airlines
88.4%
Teenage Mutant Ninja Turtles
87%
Roman Gods
86.5%
Gilligan's Island Characters
85.2%
Astronomical Objects
83.9%
Boys Scouts of America Ranks
81%
Jeep Models
80.2%
% Correct
Bowling Terms
77.7%
Watch Makers
77%
Clothing
75.5%
US State Capitals
74.1%
Vessel Captains
72.2%
Ecclesiastical Leaders
70.1%
Lock Makers
68.9%
Native American Tribes
63%
American Painters
54.2%
Remove Ads.
Support Sporcle.
Get the best of Sporcle when you Go Orange. This ad-free experience offers more features, more stats, and more fun while also helping to support Sporcle. Thank you for becoming a member.

You're not logged in!

Compare scores with friends on all Sporcle quizzes.
OR
Log In

Show Comments

Extras

Top Quizzes Today


Score Distribution

Your Account Isn't Verified!

In order to create a playlist on Sporcle, you need to verify the email address you used during registration. Go to your Sporcle Settings to finish the process.

Report this User

Report this user for behavior that violates our Community Guidelines.

Details: